|
|
|
|
| LEADER |
00000nam a2200000 a 4500 |
| 001 |
vtls010068726 |
| 003 |
SK-MaSNL |
| 005 |
20260425232710.0 |
| 007 |
co bg mnuua |
| 008 |
180730s2008 xo fs 100 0 slo |
| 015 |
|
|
|a SNBS2010/03-01549
|
| 020 |
|
|
|a 9788022324052
|q (elektronická kniha)
|
| 040 |
|
|
|a SNK
|b slo
|c SNK
|e AACR2
|
| 041 |
0 |
|
|a slo
|b eng
|b slo
|
| 043 |
|
|
|a e-xo---
|
| 044 |
|
|
|a xo
|c SK
|
| 072 |
|
7 |
|a 616
|x Patológia. Klinická medicína
|2 konspekt
|
| 072 |
|
7 |
|a 364-1/-7
|x Druhy sociálnej pomoci a služieb
|2 konspekt
|
| 080 |
|
|
|a 616-083
|2 2001
|
| 080 |
|
|
|a 364-5
|2 2001
|
| 080 |
|
|
|a (437.6)
|2 2001
|
| 080 |
|
|
|a (062.534)
|2 2001
|
| 080 |
|
|
|a (0.034.44)
|2 2001
|
| 111 |
2 |
|
|a Využitie ošetrovateľského procesu v zariadeniach sociálnej starostlivosti na Slovensku
|n ( 4. :
|d 2007 :
|c Stupava, Slovensko)
|9 479909
|
| 245 |
1 |
0 |
|a Využitie ošetrovateľského procesu v zariadeniach sociálnej starostlivosti na Slovensku
|h elektronický zdroj
|b zborník prác 4. vedeckej pracovnej schôdze : Stupava, 25. februára 2007
|c editori: Eva Morovicsová, Olga Füleová
|
| 260 |
|
|
|a Bratislava
|b Univerzita Komenského
|c 2008
|
| 300 |
|
|
|a 1 elektronický optický disk (CD-ROM)
|c 12 cm
|
| 500 |
|
|
|a Názov z titulnej obrazovky
|
| 516 |
|
|
|a Textový dokument (zborník), súbory vo formáte pdf, doc
|
| 538 |
|
|
|a Technické požiadavky: Adobe Reader 6.0, textový editor
|
| 650 |
0 |
7 |
|a ošetrovateľstvo
|2 SNKPH
|9 2557
|
| 650 |
0 |
7 |
|a zariadenia sociálnej starostlivosti
|2 SNKPH
|9 57271
|
| 651 |
|
7 |
|a Slovensko
|2 SNKPH
|9 14231
|
| 655 |
|
7 |
|a elektronické zdroje
|2 SNKPH
|9 90954
|
| 655 |
|
7 |
|a CD-ROM
|2 SNKPH
|9 70236
|
| 655 |
|
7 |
|a zborníky konferencií
|2 SNKPH
|9 70153
|
| 700 |
1 |
|
|a Morovicsová, Eva,
|d 1959-
|4 edt
|9 200421
|
| 700 |
1 |
|
|a Füleová, Oľga
|4 edt
|9 479910
|
| 919 |
|
|
|a 978-80-223-2405-2
|
| 999 |
|
|
|c 746821
|d 748751
|
| 952 |
|
|
|a SNK
|b SNK
|y PREZ
|7 0
|p 17A0646433
|o snkSCDM 2572
|i snk2010/3741
|8 0
|0 0
|1 0
|4 0
|d 2010-02-24
|l 0
|r 2026-02-23 23:19:24
|w 2026-02-23
|